Ngữ văn 6

Sách hướng dẫn gợi ý nội dung của các truyện, hướng dẫn các điểm ngữ pháp và cách làm bài tập làm văn trong tiếng Việt. Giúp giáo viên nâng cao kết quả giảng dạy.

Enregistré dans:
Détails bibliographiques
Auteur principal: Nguyễn, Khắc Phi
Format: Livre
Langue:Undetermined
Publié: Hà Nội Giáo dục Việt Nam 2010
Sujets:
Tags: Ajouter un tag
Pas de tags, Soyez le premier à ajouter un tag!
Thư viện lưu trữ: Trung tâm Học liệu Trường Đại học Cần Thơ
LEADER 00889nam a2200217Ia 4500
001 CTU_159080
008 210402s9999 xx 000 0 und d
020 |c 8700 
082 |a 495.9220712 
082 |b Ph300/T.2/L.6 
100 |a Nguyễn, Khắc Phi 
245 0 |a Ngữ văn 6 
245 0 |c Nguyễn Khắc Phi (Tổng chủ biên) 
260 |a Hà Nội 
260 |b Giáo dục Việt Nam 
260 |c 2010 
520 |a Sách hướng dẫn gợi ý nội dung của các truyện, hướng dẫn các điểm ngữ pháp và cách làm bài tập làm văn trong tiếng Việt. Giúp giáo viên nâng cao kết quả giảng dạy. 
650 |a Vietnamese language 
650 |x Study and teaching (Secondary) 
904 |i Bé Ba, bạch Trúc 
980 |a Trung tâm Học liệu Trường Đại học Cần Thơ